000 00643nam a2200277Ia 4500
005 20260320195839.0
008 008 262003s9999 xx 000 0 hin d
020 _a9788126729890
037 _aEBOOK
040 _aCRL
040 _bhin
040 _cCRL
041 _2hin
041 _ahin
084 _qCRL
100 _aशरद पवार
_91133298
245 0 _aअपनी शर्तों पर
250 _a1st
260 _bRajkamal
260 _c2017
300 _a312
856 _uhttps://ebook.indiaread.in/pdfs/9788126729890.pdf
942 _cEBOOK
999 _c1716821
_d1716821